000 00944nam a22002537a 4500
005 20170124103026.0
010 _aA-692418
020 _c75.00
035 _aA-692418
037 _bCen Lib/Ret
040 _aDPL
_bHN
082 _a
_bशर्माजे
100 _aशर्मा, जे.पी.
_962100
245 _aसुलगते चिनार /
_cजे.पी. शर्मा
246 _aSulagte chinar /
_bby J.P. Sharma
260 _aनयी दिल्ली
_bसुयोग्य प्रकाशन
_c1994
270 _bनयी दिल्ली
_aW-116, ग्रेटर कैलाश-1
_e110048
300 _a188पृ.
_c17सेमी(सजिल्द)
650 _aहिन्दी साहित्य
_962101
650 _aउपन्यास
_962102
650 _aHindi literature
_962103
650 _aFiction
_98901
942 _2ddc
_cHN
_h
_mशर्माजे
999 _c115582
_d115582